Introduction to information theory / (Record no. 189604)
[ view plain ]
| 000 -LEADER | |
|---|---|
| fixed length control field | 01009 a2200193 4500 |
| 003 - CONTROL NUMBER IDENTIFIER | |
| control field | Nust |
| 005 - DATE AND TIME OF LATEST TRANSACTION | |
| control field | 20220719181842.0 |
| 010 ## - LIBRARY OF CONGRESS CONTROL NUMBER | |
| LC control number | 86017033 |
| 020 ## - INTERNATIONAL STANDARD BOOK NUMBER | |
| International Standard Book Number | 0134846680 : |
| 040 ## - CATALOGING SOURCE | |
| Transcribing agency | Nust |
| 082 00 - DEWEY DECIMAL CLASSIFICATION NUMBER | |
| Classification number | 001.539,MAN |
| 100 0# - MAIN ENTRY--PERSONAL NAME | |
| Personal name | Mansuripur, Masud |
| 9 (RLIN) | 93886 |
| 245 10 - TITLE STATEMENT | |
| Title | Introduction to information theory / |
| Statement of responsibility, etc. | Masud Mansuripur. |
| 260 ## - PUBLICATION, DISTRIBUTION, ETC. | |
| Place of publication, distribution, etc. | Englewood Cliffs, N.J. : |
| Name of publisher, distributor, etc. | Prentice-Hall, |
| Date of publication, distribution, etc. | c1987. |
| 300 ## - PHYSICAL DESCRIPTION | |
| Extent | xxi, 149 p. : |
| Other physical details | ill. ; |
| Dimensions | 24 cm. |
| 505 ## - FORMATTED CONTENTS NOTE | |
| Formatted contents note | Information theory and the Modern Scientific Outlook (Page-xv), Mathematical preliminaries (Page-1), Entropy, Discrete Memoryless Source, and Block Encoding (Page-11), Variable-Length Source Coding (Page-25), Universal Source Coding (Page-41), Mutual Information Discrete Memoryless Channel and Channel Capacity (Page-49), Channel Theorems (Page-63), Rate-Distortion theory (Page-83), Error-Correcting Codes for the Binary Symmetric Channel (Page-95), Advanced Topics (Page-125). |
| 650 #0 - SUBJECT ADDED ENTRY--TOPICAL TERM | |
| Topical term or geographic name entry element | Information theory. |
| 9 (RLIN) | 3107 |
| 942 ## - ADDED ENTRY ELEMENTS (KOHA) | |
| Source of classification or shelving scheme | |
| Koha item type | Book |
| Call number prefix | 001.539,MAN |
| Withdrawn status | Lost status | Source of classification or shelving scheme | Damaged status | Not for loan | Permanent Location | Current Location | Shelving location | Date acquired | Full call number | Barcode | Date last seen | Price effective from | Koha item type | Public note | Total Checkouts |
|---|---|---|---|---|---|---|---|---|---|---|---|---|---|---|---|
| Military College of Signals (MCS) | Military College of Signals (MCS) | General Stacks | 12/12/2016 | 001.539,MAN | MCS22663 | 12/08/2016 | 12/12/2016 | Book | Almirah No.8, Shelf No.1 | ||||||
| Military College of Signals (MCS) | Military College of Signals (MCS) | General Stacks | 09/26/2025 | 001.539,MAN | MCS22323 | 09/26/2025 | 09/26/2025 | Book | Almirah No.81, Shelf No.5 |
